000 00406nam a2200109Ia 4500
008 160909s9999 xx 000 0 und d
100 _aGeronimo, Pauline B.
245 _aActively caring and treating: A return to work case management center
260 _bCalifornia State University, Long Beach.
_c2016
650 _aMARKETING MANAGEMENT
856 _uhttp://pqdtopen.proquest.com/doc/1802295369.html?FMT=ABS
999 _c304770
_d304770